[Event "Budapest-chT1 Lilienthal 1314"]
[Site "Budapest"]
[Date "2014.02.23"]
[Round "8"]
[White "Farkas, Lajos"]
[Black "Kiss, Istvan Gyorgy"]
[Result "1/2-1/2"]
[WhiteElo "2224"]
[BlackElo "2152"]
[PlyCount "20"]
[EventDate "2013.09.29"]
[EventType "team-tourn"]
[EventRounds "11"]
[EventCountry "HUN"]
[SourceTitle "EXT 2021"]
[Source "ChessBase"]
[SourceDate "2020.10.23"]
[SourceVersion "1"]
[SourceVersionDate "2020.10.23"]
[SourceQuality "1"]
[WhiteTeam "Sarkany II"]
[BlackTeam "REAC SISE"]
[WhiteTeamCountry "HUN"]
[BlackTeamCountry "HUN"]

1. d4 f5 2. Bg5 b6 3. e3 Bb7 4. Nd2 Nf6 5. Nc4 e6 6. Nh3 Be7 7. Nf4 0-0 8. Ne5 Nd5 9. Bxe7 Qxe7 10. Ned3 Nc6 1/2-1/2

[Event "Budapest-chT1 Lilienthal 1314"]
[Site "Budapest"]
[Date "2013.11.24"]
[Round "4"]
[White "Kiss, Istvan Gyorgy"]
[Black "Csomor, Viktor"]
[Result "1/2-1/2"]
[WhiteElo "2152"]
[BlackElo "2043"]
[PlyCount "33"]
[EventDate "2013.09.29"]
[EventType "team-tourn"]
[EventRounds "11"]
[EventCountry "HUN"]
[SourceTitle "EXT 2021"]
[Source "ChessBase"]
[SourceDate "2020.10.23"]
[SourceVersion "1"]
[SourceVersionDate "2020.10.23"]
[SourceQuality "1"]
[WhiteTeam "REAC SISE"]
[BlackTeam "Csepel"]
[WhiteTeamCountry "HUN"]
[BlackTeamCountry "HUN"]

1. d4 d5 2. Bg5 c6 3. c3 Qb6 4. Qc2 g6 5. Nd2 Bf5 6. Qb3 Bg7 7. e3 Nf6 8. Ne2 Qxb3 9. axb3 Bd3 10. Nc1 Bxf1 11. Rxf1 Nbd7 12. Nd3 Ne4 13. Bf4 0-0 14. f3 Nxd2 15. Kxd2 Rfe8 16. Ra4 e5 17. dxe5 1/2-1/2

[Event "Budapest-chT1 Lilienthal 1112"]
[Site "Budapest"]
[Date "2012.04.29"]
[Round "11"]
[White "Kiss, Istvan Gyorgy"]
[Black "Teglas, Balazs"]
[Result "0-1"]
[WhiteElo "2176"]
[BlackElo "2207"]
[PlyCount "81"]
[EventDate "2011.10.02"]
[EventType "team-tourn"]
[EventRounds "11"]
[EventCountry "HUN"]
[SourceTitle "EXT 2020"]
[Source "ChessBase"]
[SourceDate "2019.10.17"]
[SourceVersion "1"]
[SourceVersionDate "2019.10.17"]
[SourceQuality "1"]
[WhiteTeam "REAC SISE"]
[BlackTeam "Fabulon"]
[WhiteTeamCountry "HUN"]
[BlackTeamCountry "HUN"]

1. d4 c5 2. d5 e6 3. c4 exd5 4. Qxd5 Nf6 5. Qd1 d5 6. cxd5 Qxd5 7. Qxd5 Nxd5 8. Bd2 Be6 9. a3 Nc6 10. e3 Be7 11. Nc3 0-0 12. Nxd5 Bxd5 13. Bc3 Rfd8 14. Nf3 a6 15. Be2 b5 16. 0-0 b4 17. axb4 cxb4 18. Bd4 a5 19. Rfd1 Nxd4 20. Nxd4 a4 21. Bb5 a3 22. b3 Bf6 23. Ba4 Rac8 24. Rac1 Rxc1 25. Rxc1 Bxd4 26. exd4 Be4 27. f3 Bf5 28. g4 Bg6 29. Kf2 a2 30. Ra1 Bb1 31. Ke3 Kf8 32. Bc6 Rc8 33. d5 Ke7 34. Kd4 Kd6 35. Kc4 Rb8 36. f4 h5 37. gxh5 Rh8 38. Kxb4 Rxh5 39. Kc4 Rxh2 40. b4 Rh4 41. Be8 0-1

[Event "Budapest-chT1 Lilienthal 1112"]
[Site "Budapest"]
[Date "2012.02.05"]
[Round "7"]
[White "Kiss, Istvan Gyorgy"]
[Black "Kerek, Krisztian"]
[Result "0-1"]
[WhiteElo "2176"]
[BlackElo "2300"]
[PlyCount "70"]
[EventDate "2011.10.02"]
[EventType "team-tourn"]
[EventRounds "11"]
[EventCountry "HUN"]
[SourceTitle "EXT 2020"]
[Source "ChessBase"]
[SourceDate "2019.10.17"]
[SourceVersion "1"]
[SourceVersionDate "2019.10.17"]
[SourceQuality "1"]
[WhiteTeam "REAC SISE"]
[BlackTeam "Barcza GSC"]
[WhiteTeamCountry "HUN"]
[BlackTeamCountry "HUN"]

1. d4 Nf6 2. c3 c5 3. g3 g6 4. Bg2 Bg7 5. Qb3 0-0 6. Bxb7 Bxb7 7. Qxb7 Nc6 8. dxc5 Qa5 9. Qb3 Qxc5 10. Nf3 Ng4 11. 0-0 Qh5 12. Kg2 Rab8 13. Qd1 d6 14. Nbd2 Rfc8 15. Nb3 a5 16. h3 Nge5 17. Nbd4 Nxf3 18. Nxf3 Qb5 19. Qd3 Qb7 20. Kh2 a4 21. Rb1 Na5 22. Bd2 Nc4 23. Rfc1 Nxb2 24. Qc2 a3 25. Kg1 d5 26. e3 e5 27. Ne1 e4 28. Ng2 Qa6 29. Nf4 Qc4 30. Re1 Be5 31. Ra1 Bxf4 32. gxf4 Nd3 33. Reb1 Rb2 34. Rxb2 axb2 35. Rb1 Qxa2 0-1

[Event "HUN-chT2 Maroczy 0607"]
[Site "Hungary"]
[Date "2007.03.04"]
[Round "6"]
[White "Kiss, Istvan Gyorgy"]
[Black "Budai, David"]
[Result "0-1"]
[WhiteElo "2158"]
[BlackElo "2243"]
[PlyCount "86"]
[EventDate "2006.11.12"]
[EventType "team"]
[EventRounds "11"]
[EventCountry "HUN"]
[SourceTitle "EXT 2008"]
[Source "ChessBase"]
[SourceDate "2007.11.25"]
[SourceVersion "1"]
[SourceVersionDate "2007.11.25"]
[SourceQuality "1"]
[WhiteTeam "Vizugy"]
[BlackTeam "Husi"]
[WhiteTeamCountry "HUN"]
[BlackTeamCountry "HUN"]

1. d4 Nf6 2. c3 d5 3. Bg5 Ne4 4. Bf4 c6 5. Nf3 Bf5 6. e3 Nd7 7. Bd3 e6 8. 0-0 Be7 9. Qb3 Qb6 10. Bxe4 Bxe4 11. Nbd2 Bd3 12. Rfe1 0-0 13. e4 Nf6 14. exd5 cxd5 15. Qxb6 axb6 16. Ne5 Bb5 17. a3 Rfc8 18. f3 Ne8 19. Ng4 Nd6 20. Ne3 Kf8 21. Rac1 Ra4 22. g4 Bd3 23. Nc2 Bxc2 24. Rxc2 Rxd4 25. Be3 Rd3 26. Bxb6 Bg5 27. Nb3 Rxf3 28. Bc5 Be7 29. Bxd6 Bxd6 30. Kg2 Rf4 31. h3 b6 32. Rf2 Rxf2+ 33. Kxf2 Ke7 34. Kf3 Rc4 35. Nd4 g6 36. Ne2 Re4 37. Ra1 f5 38. a4 f4 39. b4 Re3+ 40. Kf2 Rxh3 41. a5 bxa5 42. Rxa5 Rh2+ 43. Kf3 e5 0-1

[Event "HUN-chT2 Maroczy 0607"]
[Site "Hungary"]
[Date "2006.12.17"]
[Round "4"]
[White "Kiss, Istvan Gyorgy"]
[Black "Szilagyi, Peter"]
[Result "1/2-1/2"]
[WhiteElo "2158"]
[BlackElo "2365"]
[PlyCount "81"]
[EventDate "2006.11.12"]
[EventType "team"]
[EventRounds "11"]
[EventCountry "HUN"]
[SourceTitle "EXT 2008"]
[Source "ChessBase"]
[SourceDate "2007.11.25"]
[SourceVersion "1"]
[SourceVersionDate "2007.11.25"]
[SourceQuality "1"]
[WhiteTeam "Vizugy"]
[BlackTeam "Dunaharaszti"]
[WhiteTeamCountry "HUN"]
[BlackTeamCountry "HUN"]

1. d4 Nf6 2. c3 e6 3. Bg5 c5 4. e3 b6 5. Nd2 Be7 6. Be2 Bb7 7. Bf3 d5 8. Ne2 Nbd7 9. 0-0 h6 10. Bxf6 Bxf6 11. c4 0-0 12. cxd5 exd5 13. Qb3 cxd4 14. exd4 Re8 15. Rfe1 Bg5 16. Nb1 Nf6 17. Nbc3 Qe7 18. h3 Rad8 19. Qa4 a6 20. Red1 g6 21. Ng3 h5 22. Qb3 b5 23. a3 Bf4 24. Nf1 Nh7 25. Bxd5 Bc8 26. Bc6 Rf8 27. Nd5 Qd6 28. Re1 Bg5 29. Qf3 Be6 30. Nc3 Qxd4 31. Rad1 Qc4 32. Bb7 Rxd1 33. Rxd1 b4 34. axb4 Qxb4 35. Bxa6 Qxb2 36. Ne4 Be7 37. Ne3 Rd8 38. Bc4 Bxc4 39. Nxc4 Qa2 40. Ne5 Rxd1+ 41. Qxd1 1/2-1/2

[Event "HUN-chT2 Maroczy 0506"]
[Site "Hungary"]
[Date "2005.10.30"]
[Round "2"]
[White "Toth, Ervin"]
[Black "Kiss, Istvan Gyorgy"]
[Result "1/2-1/2"]
[WhiteElo "2298"]
[BlackElo "2173"]
[PlyCount "105"]
[EventDate "2005.10.16"]
[EventType "team"]
[EventRounds "11"]
[EventCountry "HUN"]
[SourceTitle "EXT 2009"]
[Source "ChessBase"]
[SourceDate "2008.11.26"]
[SourceVersion "1"]
[SourceVersionDate "2008.11.26"]
[SourceQuality "1"]
[WhiteTeam "Koszolg"]
[BlackTeam "Vizugy"]
[WhiteTeamCountry "HUN"]
[BlackTeamCountry "HUN"]

1. Nf3 d5 2. b3 Nf6 3. Bb2 Bf5 4. c4 e6 5. e3 c6 6. cxd5 exd5 7. Be2 Nbd7 8. 0-0 Bd6 9. d3 Qe7 10. Nbd2 0-0 11. a3 Ne5 12. Nxe5 Bxe5 13. Bxe5 Qxe5 14. Qc2 Rfe8 15. Nf3 Qd6 16. b4 a6 17. Rfc1 Nd7 18. Qb2 Ne5 19. Nxe5 Rxe5 20. Qd4 Rae8 21. a4 R5e6 22. b5 Rh6 23. g3 axb5 24. axb5 Rc8 25. bxc6 bxc6 26. Rc5 Bd7 27. Bf3 Qe6 28. Bg2 Rb8 29. Qf4 Qd6 30. Qxd6 Rxd6 31. d4 f5 32. h4 Kf8 33. Rca5 Ke7 34. Ra7 Rf6 35. Bh3 Kd6 36. Ra8 Rff8 37. Rxb8 Rxb8 38. Bg2 g6 39. Bf3 h6 40. Kg2 Rc8 41. Be2 Rb8 42. Ra7 Rb2 43. Bf3 Rb8 44. Ra2 Rf8 45. Ra1 Rb8 46. Bd1 Be6 47. Ra2 Bd7 48. Bc2 Rg8 49. Ra1 Be6 50. Ra7 Bd7 51. Bd3 g5 52. hxg5 hxg5 53. Ra1 1/2-1/2

[Event "HUN-chT2 Maroczy 0405"]
[Site "Hungary"]
[Date "2005.02.06"]
[Round "7"]
[White "Kiss, Istvan Gyorgy"]
[Black "Egedi, Istvan"]
[Result "1/2-1/2"]
[WhiteElo "2217"]
[BlackElo "2307"]
[PlyCount "57"]
[EventDate "2004.09.26"]
[EventType "team"]
[EventRounds "11"]
[EventCountry "HUN"]
[SourceTitle "EXT 2008"]
[Source "ChessBase"]
[SourceDate "2007.11.25"]
[SourceVersion "1"]
[SourceVersionDate "2007.11.25"]
[SourceQuality "1"]
[WhiteTeam "Vizugy"]
[BlackTeam "Dunaharaszti"]
[WhiteTeamCountry "HUN"]
[BlackTeamCountry "HUN"]

1. d4 Nf6 2. c3 d5 3. Bg5 Ne4 4. Bf4 e6 5. Nd2 f5 6. e3 Nd7 7. Bd3 Be7 8. Ngf3 0-0 9. Be5 c5 10. 0-0 b6 11. Bb5 Nd6 12. Bc6 Bb7 13. Bxb7 Nxb7 14. Qa4 Nd6 15. Rfd1 b5 16. Qc2 c4 17. a4 a6 18. Bg3 Ne4 19. Nxe4 fxe4 20. Nd2 Bh4 21. axb5 Bxg3 22. hxg3 Qf6 23. Nf1 axb5 24. Qe2 Qg5 25. f4 exf3 26. gxf3 Nb6 27. Kg2 Na4 28. Nh2 e5 29. dxe5 1/2-1/2

[Event "HUN-chT2 Charousek 0203"]
[Site "Hungary"]
[Date "2003.02.16"]
[Round "7.3"]
[White "Nemeth, Zoltan"]
[Black "Kiss, Istvan Gyorgy"]
[Result "1-0"]
[WhiteElo "2341"]
[BlackElo "2233"]
[PlyCount "77"]
[EventDate "2002.09.22"]
[EventType "team"]
[EventRounds "11"]
[EventCountry "HUN"]
[SourceTitle "EXT 2004"]
[Source "ChessBase"]
[SourceDate "2003.11.25"]
[SourceVersion "1"]
[SourceVersionDate "2003.11.25"]
[SourceQuality "1"]
[WhiteTeam "Taban Spartacus"]
[BlackTeam "Vizugy"]
[WhiteTeamCountry "HUN"]
[BlackTeamCountry "HUN"]

1. Nf3 d5 2. g3 c6 3. Bg2 g6 4. d4 Bg7 5. Nbd2 Bg4 6. h3 Bxf3 7. Nxf3 Nd7 8. 0-0 Qb6 9. b3 Ngf6 10. Ba3 Ne4 11. c4 e6 12. cxd5 exd5 13. e3 Qa5 14. Qc1 Bf8 15. Bxf8 Kxf8 16. a4 Qb4 17. Qc2 Kg7 18. Rfc1 Rhe8 19. a5 a6 20. Ra4 Qd6 21. Nd2 Ndf6 22. Nxe4 Nxe4 23. Bxe4 Rxe4 24. Kg2 Rae8 25. Qd2 f5 26. Rc5 g5 27. Rb4 R8e7 28. Ra4 f4 29. exf4 gxf4 30. Rc3 Rf7 31. g4 h5 32. gxh5 Qh6 33. Qd1 Rf5 34. Kh2 Rxh5 35. Qg4+ Kf6 36. Rb4 Qg6 37. Qxg6+ Kxg6 38. Rxb7 Rxd4 39. Rb6 1-0

[Event "HUN-chT2 Charousek 0203"]
[Site "Hungary"]
[Date "2003.02.02"]
[Round "6.2"]
[White "Katona, Ferenc"]
[Black "Kiss, Istvan Gyorgy"]
[Result "1-0"]
[WhiteElo "2249"]
[BlackElo "2233"]
[PlyCount "101"]
[EventDate "2002.09.22"]
[EventType "team"]
[EventRounds "11"]
[EventCountry "HUN"]
[SourceTitle "EXT 2004"]
[Source "ChessBase"]
[SourceDate "2003.11.25"]
[SourceVersion "1"]
[SourceVersionDate "2003.11.25"]
[SourceQuality "1"]
[WhiteTeam "Kiraly Sakk"]
[BlackTeam "Vizugy"]
[WhiteTeamCountry "HUN"]
[BlackTeamCountry "HUN"]

1. f4 d5 2. g3 c6 3. Nf3 g6 4. d4 Bg7 5. e3 Bg4 6. h3 Bxf3 7. Qxf3 Nf6 8. Bd3 Nbd7 9. Nd2 e6 10. g4 Qb6 11. c4 c5 12. cxd5 Nxd5 13. Nc4 Qc7 14. e4 Nb4 15. e5 0-0 16. Bd2 Nxd3+ 17. Qxd3 cxd4 18. Qxd4 Rfd8 19. Nd6 Qc5 20. Be3 Qxd4 21. Bxd4 Nb8 22. Bc3 Rd7 23. 0-0-0 Nc6 24. b4 a6 25. Ne4 Rc7 26. Kb2 Ne7 27. Kb3 Nd5 28. Bd2 b6 29. Rc1 Rac8 30. Rxc7 Rxc7 31. Rc1 Rxc1 32. Bxc1 h6 33. Nc3 Nxc3 34. Kxc3 f6 35. exf6 Bxf6+ 36. Kc4 Be7 37. b5 axb5+ 38. Kxb5 Bc5 39. a4 Bf2 40. Bb2 Kf7 41. Be5 Ke7 42. Bc7 Be3 43. Bxb6 Bxf4 44. Kc6 Bd2 45. a5 Bxa5 46. Bxa5 Kf6 47. Kd6 Kg5 48. Bd2+ Kh4 49. Bxh6 g5 50. Kxe6 Kxh3 51. Kf5 1-0

[Event "HUN-chT2 9900"]
[Site "Hungary"]
[Date "1999.10.03"]
[Round "2"]
[White "Kosztolanczi, Gyula"]
[Black "Kiss, Istvan Gyorgy"]
[Result "0-1"]
[WhiteElo "2179"]
[BlackElo "2270"]
[PlyCount "94"]
[EventDate "1999.09.26"]
[EventType "team"]
[EventRounds "11"]
[EventCountry "HUN"]
[SourceTitle "EXT 2002"]
[Source "ChessBase"]
[SourceDate "2001.11.25"]
[SourceVersion "1"]
[SourceVersionDate "2001.11.25"]
[SourceQuality "1"]

1. e4 e6 2. d3 d5 3. Nd2 Nf6 4. Ngf3 Be7 5. g3 0-0 6. Bg2 b6 7. e5 Nfd7 8. 0-0 c5 9. Re1 Bb7 10. Nf1 Nc6 11. h4 Qc7 12. Bf4 d4 13. N1h2 Nb4 14. Ng4 Nd5 15. Bg5 Rfe8 16. Bxe7 Nxe7 17. Ng5 Bxg2 18. Kxg2 Qc6+ 19. Kh2 h5 20. Nf6+ gxf6 21. Qxh5 fxg5 22. Qxg5+ Ng6 23. h5 Kg7 24. Re4 Rh8 25. Kg2 Rxh5 26. Qxh5 f5 27. exf6+ Nxf6 28. Qf3 Nxe4 29. Qxe4 Qxe4+ 30. dxe4 e5 31. Kf3 Rf8+ 32. Ke2 Kf6 33. Rh1 Rh8 34. Rf1 Kg5 35. Kd3 b5 36. b3 Rc8 37. Rh1 c4+ 38. bxc4 bxc4+ 39. Kd2 Rf8 40. Ke2 Rb8 41. Rh7 Rb2 42. Kd1 Rxa2 43. Rf7 c3 44. Rf5+ Kg4 45. Rf6 Ne7 46. f4 Kf3 47. fxe5+ Ke3 0-1